आजाद भारत में क्रिकेट / (Record no. 27455)

MARC details
000 -LEADER
fixed length control field 01597nam a22002657a 4500
005 - DATE AND TIME OF LATEST TRANSACTION
control field 20090615122844.0
008 - FIXED-LENGTH DATA ELEMENTS--GENERAL INFORMATION
fixed length control field 090615t xxu||||| |||| 00| 0 hin d
010 ## - LCCN (DPL NO)
LC control number HIN-86939
020 ## - INTERNATIONAL STANDARD BOOK NUMBER
International Standard Book Number 9788123730869
Terms of availability 65.00
035 ## - SYSTEM CONTROL NUMBER
System control number HN-59285
037 ## - SOURCE OF ACQUISITION
Source of stock number/acquisition DBAD / VEN
040 ## - CATALOGING SOURCE
Original cataloging agency dpl
Language of cataloging hn
082 ## - DEWEY DECIMAL CLASSIFICATION NUMBER
Classification number 796.358
100 ## - MAIN ENTRY--PERSONAL NAME
Personal name चतुर्वेदी, सूर्यप्रकाश
245 ## - TITLE STATEMENT
Title आजाद भारत में क्रिकेट /
Statement of responsibility, etc सूर्यप्रकाश चतुर्वेदी
246 ## - VARYING FORM OF TITLE
Title proper/short title Aazaada Bhaaraat men Cricket
Remainder of title by Suryaprakash Chaturvedi
260 ## - PUBLICATION, DISTRIBUTION, ETC. (IMPRINT)
Place of publication, distribution, etc नई दिल्ली
Name of publisher, distributor, etc नेशनल बुक ट्रस्ट
Date of publication, distribution, etc 2008
270 ## - ADDRESS
Address नेहरू भवन, 5इंस्टीट्यूशनल एरिया, फेज-2 वसंत कुंज,
City नई दिल्ली
Postal code 110070
300 ## - PHYSICAL DESCRIPTION
Extent ग्यारह, 142पृ.
Dimensions 22सेमी (अजिल्द)
Other physical details सचित्र
650 ## - SUBJECT ADDED ENTRY--TOPICAL TERM
Topical term or geographic name as entry element क्रिकेट
Chronological subdivision 1947-
Geographic subdivision भारत
650 ## - SUBJECT ADDED ENTRY--TOPICAL TERM
Topical term or geographic name as entry element Cricket
Chronological subdivision 1947-
Geographic subdivision India
366 ## - TRADE AVAILABILITY INFORMATION
Detailed date of publication नार्थ इंडिया पबेलिशर्स एण्ड डिस्ट्रीब्यूटर्स, फेस ई-1/265, गली नं.-17, सोनिया विहार, दिल्ली-110094
942 ## - ADDED ENTRY ELEMENTS (KOHA)
Source of classification or shelving scheme Dewey Decimal Classification
Item type Hindi Books
Call number suffix चतुर्वे
Classification part 796.358
Holdings
Withdrawn status Lost status Source of classification or shelving scheme Damaged status Not for loan Home library Current library Date acquired Source of acquisition Cost, normal purchase price Total Checkouts Full call number Barcode Date last seen Copy number Cost, replacement price Koha item type
    Dewey Decimal Classification   Not For Loan D.B.Act.Division D.B.Act.Division 15/06/2009 DBAD / PUB 65.00   796.358 चतुर्वे HN-59285 15/06/2009 1 65.00 Hindi Books

© Delhi Public Library
Hit Counter
free hit counter